[Event "Tournoi francophone 003 Groupe D"]
[Site "Skype"]
[Date "????.??.??"]
[Round "7.2"]
[White "Milanese, Serge"]
[Black "Douichi, Mohammed"]
[Result "1/2-1/2"]
[WhiteElo "1317"]
[BlackElo "1216"]
[PlyCount "99"]

1. e4 e5 2. Nf3 Nc6 3. Bc4 h6 4. O-O Nf6 5. a3 Nxe4 6. Re1 d5 7. Bb3 Nf6 8.
Nxe5 Nxe5 9. Rxe5+ Be6 10. d4 Bd6 11. Re1 O-O 12. h3 c6 13. Nd2 Qc7 14. Nf3 Ne4
15. Be3 f6 16. Qd3 Bf5 17. c4 Ng3 18. Qd1 Ne4 19. cxd5 Kh8 20. Rc1 Qf7 21. dxc6
Qg6 22. Nh4 Qh7 23. Qf3 g6 24. Bxh6 Qxh6 25. Bd5 Ng5 26. Qd1 Qxh4 27. c7 Rac8
28. Bxb7 Rxc7 29. Rc6 Nxh3+ 30. gxh3 Rxb7 31. Rxd6 Qg5+ 32. Kf1 Bxh3+ 33. Ke2
Qg4+ 34. f3 Rxb2+ 35. Ke3 Re8+ 36. Kd3 Qf5+ 37. Kc3 Reb8 38. Rd8+ Rxd8 39. Kxb2
Rxd4 40. Qxd4 Kg7 41. Re7+ Kh6 42. Qh4+ Qh5 43. Qxf6 Qb5+ 44. Kc3 Qc5+ 45. Kb2
Qb5+ 46. Kc3 Qa5+ 47. Kb2 Qd2+ 48. Kb3 Qd3+ 49. Kb2 Qd2+ 50. Kb3 1/2-1/2

[Event "Tournoi francophone 003 Groupe D"]
[Site "Skype"]
[Date "????.??.??"]
[Round "7.3"]
[White "Gerbaux, Regis"]
[Black "Lemoine, Gerard"]
[Result "1-0"]
[WhiteElo "1268"]
[BlackElo "1323"]
[PlyCount "77"]

1. e4 e6 2. e5 d5 3. d4 c5 4. Nf3 Nc6 5. c3 Qb6 6. b3 cxd4 7. cxd4 Nge7 8. Bd3
Bd7 9. Be3 Nf5 10. Bxf5 exf5 11. O-O Be7 12. Nc3 Qa5 13. Bd2 Be6 14. Ne4 Qb6
15. Nc3 O-O 16. Na4 Qc7 17. a3 Rfc8 18. b4 b5 19. Nc3 a6 20. Rc1 Qa7 21. Be3
Rc7 22. Qb3 Rd8 23. Rc2 Bf8 24. Rfc1 Ne7 25. Nxb5 axb5 26. Rxc7 Qa4 27. Qxa4
bxa4 28. b5 Nc8 29. R1c3 Nb6 30. Rb7 Nc4 31. b6 Bxa3 32. Ra7 Rb8 33. b7 Bb4 34.
Ra8 g6 35. Rxb8+ Kg7 36. Rc2 a3 37. Ra8 Nxe5 38. b8=Q Nxf3+ 39. gxf3 1-0

[Event "Tournoi francophone 003 Groupe D"]
[Site "Skype"]
[Date "????.??.??"]
[Round "7.4"]
[White "Tamditi, Ibrahim"]
[Black "Riviere, Perrine"]
[Result "1-0"]
[WhiteElo "1273"]
[BlackElo "1362"]
[PlyCount "53"]

1. e4 e5 2. Bc4 Nf6 3. Nf3 Nc6 4. d3 Bc5 5. O-O O-O 6. Bb5 Nd4 7. Nxd4 Bxd4 8.
c3 Bc5 9. b4 Bb6 10. Bg5 d6 11. a4 a6 12. Bc4 h6 13. Bxf6 Qxf6 14. Nd2 Be6 15.
Bxe6 Qxe6 16. Nf3 c5 17. Rb1 Rab8 18. a5 Bc7 19. Qc2 b6 20. bxc5 bxc5 21. Ra1
Qb3 22. Qd2 f5 23. exf5 Rxf5 24. Rfb1 Qxb1+ 25. Rxb1 Rxb1+ 26. Ne1 Bxa5 27.
Qa2+ 1-0

[Event "Tournoi francophone 003 Groupe D"]
[Site "Skype"]
[Date "????.??.??"]
[Round "7.5"]
[White "Moumtaz, Abderrahim"]
[Black "Vincent, Andre"]
[Result "0-1"]
[WhiteElo "1219"]
[BlackElo "1326"]
[PlyCount "94"]

1. d4 Nf6 2. c4 d5 3. Nf3 e6 4. Nc3 c6 5. Bg5 Be7 6. e3 O-O 7. Bd3 Nbd7 8. O-O
Qc7 9. Qc2 c5 10. Rfe1 dxc4 11. Nb5 cxd3 12. Nxc7 dxc2 13. Nxa8 h6 14. Bh4 Bd6
15. Rac1 b6 16. Rxc2 Bb7 17. Nxb6 axb6 18. Bg3 Bxg3 19. hxg3 Ne4 20. a3 f5 21.
b4 Rc8 22. bxc5 bxc5 23. Rd1 Bd5 24. a4 Bb3 25. Rdc1 Bxc2 26. Rxc2 Ra8 27. Ra2
Nc3 28. Rc2 Nxa4 29. Ra2 c4 30. Nd2 c3 31. Nb3 Ndb6 32. Nc5 Kf7 33. Nd3 Nc4 34.
Ne5+ Nxe5 35. dxe5 Ke7 36. f3 Kd7 37. Kf2 Kc6 38. Ke2 Kc5 39. Kd3 Nb2+ 40. Kxc3
Rxa2 41. e4 Nd1+ 42. Kb3 Rxg2 43. exf5 exf5 44. e6 Kd6 45. Kc4 Kxe6 46. Kd4
Rxg3 47. Kc5 Rxf3 0-1

[Event "Tournoi francophone 003 Groupe D"]
[Site "Skype"]
[Date "????.??.??"]
[Round "8.1"]
[White "Sahrane, Juba"]
[Black "Vincent, Andre"]
[Result "1-0"]
[WhiteElo "1476"]
[BlackElo "1326"]
[PlyCount "69"]

1. e4 c5 2. Nf3 d6 3. d4 cxd4 4. Nxd4 Bd7 5. Be2 e6 6. O-O Nf6 7. Nc3 Be7 8.
Be3 a6 9. f4 e5 10. fxe5 dxe5 11. Nf5 Bxf5 12. exf5 O-O 13. Bf3 Qc8 14. Qe2 Nc6
15. Bg5 Bc5+ 16. Kh1 Qxf5 17. Bxc6 Qxg5 18. Bxb7 Rad8 19. Qxa6 Rd2 20. Qa5 Be3
21. Nd1 Ng4 22. h3 Nf2+ 23. Nxf2 Bxf2 24. Be4 Qf4 25. b3 Rfd8 26. c4 g6 27. Bf3
Kg7 28. Rxf2 Rxf2 29. Qxd8 e4 30. Qd4+ Kh6 31. Qxf2 e3 32. Qe2 g5 33. Re1 f5
34. Qxe3 Qxe3 35. Rxe3 1-0

[Event "Tournoi francophone 003 Groupe D"]
[Site "Skype"]
[Date "????.??.??"]
[Round "8.2"]
[White "Riviere, Perrine"]
[Black "Moumtaz, Abderrahim"]
[Result "1-0"]
[WhiteElo "1362"]
[BlackElo "1219"]
[PlyCount "106"]

1. e4 e5 2. Nf3 Nc6 3. Bc4 Bc5 4. c3 Nf6 5. d3 O-O 6. O-O d6 7. Bg5 h6 8. Bh4
Ne7 9. d4 Bb6 10. Re1 Ng6 11. Bg3 Bg4 12. dxe5 Nxe5 13. Nbd2 d5 14. exd5 Nxd5
15. Rxe5 Nf6 16. Ne4 Nxe4 17. Rxe4 Qxd1+ 18. Rxd1 Be6 19. Rde1 Bxc4 20. Rxc4
Rfe8 21. Bxc7 Rxe1+ 22. Nxe1 Re8 23. Kf1 Rc8 24. Bxb6 Rxc4 25. Bxa7 Ra4 26. Bd4
Rxa2 27. Nd3 Ra1+ 28. Ne1 Rb1 29. b4 b5 30. h4 h5 31. f3 Rb2 32. f4 f5 33. Be5
Rd2 34. Nf3 Rd5 35. Nd4 g6 36. g3 Kf7 37. c4 bxc4 38. Nc6 Rd3 39. b5 c3 40. Ke2
Rxg3 41. b6 c2 42. Kd2 Rg2+ 43. Kc1 Rg1+ 44. Kxc2 Rg2+ 45. Kd1 Rg1+ 46. Kd2
Rg2+ 47. Kd3 Ra2 48. b7 Ra3+ 49. Kd4 Ra6 50. Nd8+ Ke7 51. b8=Q Ra4+ 52. Kd5
Ra5+ 53. Kc6 Rxe5 1-0

[Event "Tournoi francophone 003 Groupe D"]
[Site "Skype"]
[Date "????.??.??"]
[Round "8.3"]
[White "Lemoine, Gerard"]
[Black "Tamditi, Ibrahim"]
[Result "0-1"]
[WhiteElo "1323"]
[BlackElo "1273"]
[PlyCount "80"]

1. d4 e5 2. e4 exd4 3. Qxd4 Nc6 4. Qa4 Bc5 5. Nf3 Nge7 6. Bg5 O-O 7. Qc4 b6 8.
Nc3 Bb7 9. a3 Kh8 10. Rd1 f6 11. Bh4 Ng6 12. Bg3 Re8 13. Nb5 Rc8 14. h4 a6 15.
Nc3 Na5 16. Qd3 Bd6 17. Be2 Bxg3 18. fxg3 Bc6 19. Nd2 b5 20. Bh5 Ne5 21. Qd4
Re6 22. O-O Qe7 23. Rfe1 Nb7 24. Nf3 Nc4 25. Bg4 Rd6 26. Nd5 Qf7 27. Nb4 Rxd4
28. Rxd4 Qg6 29. Nxc6 dxc6 30. Bxc8 Nbd6 31. Bxa6 Qxg3 32. e5 fxe5 33. Rdd1 Kg8
34. b3 Nxa3 35. Nxe5 Nxc2 36. Rf1 Ne3 37. Rd2 Nxf1 38. Kxf1 Qxe5 39. Kg1 Qe3+
40. Rf2 Ne4 0-1

[Event "Tournoi francophone 003 Groupe D"]
[Site "Skype"]
[Date "????.??.??"]
[Round "8.4"]
[White "Douichi, Mohammed"]
[Black "Gerbaux, Regis"]
[Result "0-1"]
[WhiteElo "1216"]
[BlackElo "1268"]
[PlyCount "46"]

1. e4 c5 2. d4 cxd4 3. Qxd4 Nc6 4. Qe3 Nb4 5. Bb5 Nxc2+ 6. Ke2 Nxe3 7. Kxe3
Qb6+ 8. Kd2 Qxb5 9. Nc3 Qg5+ 10. Kc2 Qxg2 11. Nge2 Qxh1 12. Nd4 a6 13. f3 e5
14. Nf5 Nf6 15. a3 Qxf3 16. Bd2 d6 17. Ng3 Be7 18. Rf1 Qg2 19. Rh1 O-O 20. Kc1
Be6 21. Be1 Rac8 22. Kb1 Nxe4 23. Ncxe4 Qc2+ 0-1

[Event "Tournoi francophone 003 Groupe D"]
[Site "Skype"]
[Date "????.??.??"]
[Round "8.5"]
[White "Vervoort, Jean-Louis"]
[Black "Milanese, Serge"]
[Result "0-1"]
[WhiteElo "1273"]
[BlackElo "1317"]
[PlyCount "54"]

1. e4 e5 2. Nf3 Nc6 3. Bc4 d6 4. Ng5 d5 5. exd5 Na5 6. d3 h6 7. Nxf7 Kxf7 8.
Qf3+ Nf6 9. d6+ Nxc4 10. dxc7 Qxc7 11. dxc4 Qxc4 12. Nc3 Be7 13. b3 Qa6 14. Nd5
Qa5+ 15. Nc3 Bg4 16. Qe3 Bf5 17. Qd2 Rhd8 18. Qe3 Nd5 19. Qxe5 Qxc3+ 20. Qxc3
Nxc3 21. Bd2 Ne4 22. Be3 Bb4+ 23. Ke2 Nc3+ 24. Kf3 Bxc2 25. Rac1 Be4+ 26. Kf4
g5+ 27. Ke5 Rd5# 0-1

[Event "Tournoi francophone 003 Groupe D"]
[Site "Skype"]
[Date "????.??.??"]
[Round "9.1"]
[White "Milanese, Serge"]
[Black "Sahrane, Juba"]
[Result "0-1"]
[WhiteElo "1317"]
[BlackElo "1476"]
[PlyCount "50"]

1. e4 e5 2. Nf3 Nc6 3. Bc4 d6 4. Bd5 Bd7 5. d3 Be7 6. O-O Nf6 7. h3 O-O 8. c3
a6 9. Ng5 Nxd5 10. exd5 Bxg5 11. dxc6 Bxc6 12. Qg4 Bxc1 13. Rxc1 f5 14. Qc4+
Kh8 15. Nd2 Qg5 16. g3 Qxd2 17. Rab1 f4 18. g4 Qe2 19. b3 Qf3 20. Kf1 Qxh3+ 21.
Ke2 Qf3+ 22. Kf1 Qg2+ 23. Ke2 Bf3+ 24. Ke1 Qg1+ 25. Kd2 Qxf2# 0-1

[Event "Tournoi francophone 003 Groupe D"]
[Site "Skype"]
[Date "????.??.??"]
[Round "9.2"]
[White "Gerbaux, Regis"]
[Black "Vervoort, Jean-Louis"]
[Result "1-0"]
[WhiteElo "1268"]
[BlackElo "1273"]
[PlyCount "37"]

1. e4 e5 2. Nf3 Nc6 3. Bc4 h6 4. O-O Nf6 5. Nc3 Bc5 6. d3 Ng4 7. Be3 Bxe3 8.
Qe2 Bxf2+ 9. Kh1 Bc5 10. Bxf7+ Ke7 11. Nd5+ Kd6 12. Nd2 Nf2+ 13. Rxf2 Bxf2 14.
Qxf2 Ne7 15. Nc4+ Kc6 16. Nb4+ Kb5 17. a4+ Kxb4 18. c3+ Kb3 19. Na5# 1-0

[Event "Tournoi francophone 003 Groupe D"]
[Site "Skype"]
[Date "????.??.??"]
[Round "9.3"]
[White "Tamditi, Ibrahim"]
[Black "Douichi, Mohammed"]
[Result "0-1"]
[WhiteElo "1273"]
[BlackElo "1216"]
[PlyCount "44"]

1. e4 e5 2. Bc4 Bc5 3. Nf3 Nf6 4. Nxe5 Bxf2+ 5. Kf1 d5 6. exd5 Bd4 7. Nxf7 Kxf7
8. d6+ Be6 9. Qe2 Qxd6 10. Na3 Qf4+ 11. Ke1 Re8 12. Kd1 a6 13. g3 Qf2 14. Qd3
Nc6 15. Rf1 Ne5 16. Bxe6+ Rxe6 17. Qf5 Qxh2 18. c3 Bc5 19. d4 g6 20. Qf4 Qh5+
21. Kd2 g5 22. Qe4 Nc4+ 0-1

[Event "Tournoi francophone 003 Groupe D"]
[Site "Skype"]
[Date "????.??.??"]
[Round "9.4"]
[White "Moumtaz, Abderrahim"]
[Black "Lemoine, Gerard"]
[Result "1-0"]
[WhiteElo "1219"]
[BlackElo "1323"]
[PlyCount "86"]

1. d4 d5 2. c4 e6 3. Nf3 c5 4. Nc3 Nf6 5. Bg5 Qb6 6. Qb3 cxd4 7. Qxb6 axb6 8.
Nxd4 Bb4 9. Ndb5 O-O 10. a3 Be7 11. e3 Nc6 12. Be2 e5 13. cxd5 Nd8 14. d6 Ne6
15. dxe7 Re8 16. Bxf6 gxf6 17. Nd5 Kg7 18. Nbc7 Nxc7 19. Nxc7 Rxe7 20. Nxa8 Re6
21. Nc7 Rc6 22. Ne8+ Kf8 23. Bb5 Rc5 24. a4 Rc2 25. b4 Rb2 26. Nxf6 Rxb4 27.
Nxh7+ Kg7 28. Ng5 Rg4 29. Nf3 Rxg2 30. Nxe5 Bf5 31. Bd3 Bg6 32. Bxg6 fxg6 33.
Rb1 Rg5 34. Nf3 Ra5 35. Rg1 Rxa4 36. Ne5 Rh4 37. Rg2 Kf6 38. Nd7+ Ke7 39. Nxb6
Kf6 40. Nd5+ Kf5 41. Rxb7 g5 42. Ne7+ Ke4 43. Rb4+ Kf3 1-0

[Event "Tournoi francophone 003 Groupe D"]
[Site "Skype"]
[Date "????.??.??"]
[Round "9.5"]
[White "Vincent, Andre"]
[Black "Riviere, Perrine"]
[Result "0-1"]
[WhiteElo "1326"]
[BlackElo "1362"]
[PlyCount "168"]

1. Nf3 Nf6 2. c4 Nc6 3. Nc3 d5 4. d4 dxc4 5. g3 Bg4 6. Bg2 Bxf3 7. Bxf3 Qxd4 8.
Qxd4 Nxd4 9. O-O Nxf3+ 10. exf3 O-O-O 11. Bf4 Nd5 12. Be5 Nxc3 13. Bxc3 f6 14.
Rfd1 e5 15. Rxd8+ Kxd8 16. Rd1+ Bd6 17. Bb4 Ke7 18. Bc3 Rd8 19. Kg2 c5 20. a4
Bc7 21. Rxd8 Kxd8 22. h4 a6 23. Kf1 b5 24. axb5 axb5 25. Ke2 Kd7 26. h5 b4 27.
Bd2 Kd6 28. Kd1 Ba5 29. g4 c3 30. bxc3 bxc3 31. Bc1 Kd5 32. Kc2 Kd4 33. Be3+
Kc4 34. Bc1 g6 35. h6 Kd4 36. Be3+ Kc4 37. Bc1 g5 38. Be3 Bd8 39. Bc1 Be7 40.
Be3 Bf8 41. Bc1 Kd4 42. Be3+ Kd5 43. Kxc3 e4 44. f4 Bxh6 45. f5 Bf8 46. Bc1 Bd6
47. Be3 Bf4 48. Bxf4 gxf4 49. Kd2 Kd4 50. Ke2 Kc3 51. f3 exf3+ 52. Kxf3 Kb2 53.
Kxf4 c4 54. g5 c3 55. gxf6 c2 56. f7 c1=Q+ 57. Ke5 Qc7+ 58. Kf6 h5 59. f8=Q h4
60. Qb4+ Kc2 61. Qe4+ Kd2 62. Qg2+ Ke3 63. Qg1+ Kf3 64. Qh1+ Kg4 65. Qe4+ Kg3
66. Qe3+ Kg2 67. Qg5+ Kh3 68. Qe3+ Kg2 69. Qe4+ Kg3 70. Qe3+ Kg2 71. Qe2+ Kg1
72. Qg4+ Qg3 73. Qd1+ Kf2 74. Qd2+ Kf3 75. Qd1+ Kf4 76. Qd6+ Kg4 77. Qd4+ Qf4
78. Qg1+ Qg3 79. Qd4+ Kh3 80. Qd1 Kh2 81. Qd2+ Qg2 82. Qf4+ Qg3 83. Qd2+ Kh3
84. Qg5 Qc3+ 0-1